000 00443nam a2200181Ia 4500
001 24476
005 20260414151046.0
008 260414t2007||||xx |||||||||||||| ||spa||
041 _aESP
082 _a345.7C4
_bC31
100 _aCarrión Lugo, Jorge [1936-....]
_eAUT
245 0 _aTratado de derecho procesal civil
_b
260 _c2007
300 _apágs. :
_c24 cm.
650 _aDER
654 _aCDE
942 _cLIB
_dJUS
_fJUS
_2ddc
_n
999 _c24476
_d24476